01065cam a22002895i 4500999001700000001000800017003000900025005001700034008004100051040003800092082002000130100002900150245008000179264005900259264001000318300004400328336002600372337002800398338002700426490004500453504005100498650002200549650003500571653002600606942001200632952013100644 c28727d286983598000EG-ScBUE20200915150033.0691113t19691969njua f b 001 0 eng d aDLCbengerdacDLCdDLCdEG-ScBUE04a301.54bRAP2221 aRapoport, Amos,eauthor.10aHouse form and culture /cAmos Rapoport, University of Wisconsin-Milwaukee. 1aEnglewood Cliffs, New Jersey :bPrentice Hall,c[1969] 4cc1969 ax, 146 pages :billustrations ;c23 cm. atextbtxt2rdacontent aunmediatedbn2rdamedia avolumebnc2rdacarrier0 aFoundations of cultural geography series aIncludes bibliographical references and index. 7aDwellings.2BUEsh 7aArchitecture, Domestic.2BUEsh bENGARCcSeptember2020 2ddccBB 00102ddc40708unknownaMAINbMAINc1STd2020-09-15ePurchasel0o301.54 RAPp000049675r2025-07-15 00:00:00w2020-09-15yBB